000 00304nam a2200121Ia 4500
008 191206s9999 xx 000 0 und d
090 _aPR4568A2P66
245 0 _aOur Mutual Friend
260 _aThe Modern Library
260 _cc1916
300 _a1 print.
999 _c16630
_d16630